Religions of the ancient East (Record no. 25239)
[ view plain ]
| 000 -LEADER | |
|---|---|
| fixed length control field | 00494nam a2200181Ia 4500 |
| 001 - CONTROL NUMBER | |
| control field | 25056 |
| 008 - FIXED-LENGTH DATA ELEMENTS--GENERAL INFORMATION | |
| fixed length control field | 140411s9999 xx 000 0 und d |
| 040 ## - CATALOGING SOURCE | |
| Transcribing agency | PK-LaUMT |
| 082 ## - DEWEY DECIMAL CLASSIFICATION NUMBER | |
| Classification number | 290 |
| Item number | DRI-R |
| 100 ## - MAIN ENTRY--PERSONAL NAME | |
| Personal name | Etienne Drioton |
| 245 ## - TITLE STATEMENT | |
| Title | Religions of the ancient East |
| Statement of responsibility, etc | Etienne Drioton<>Georges Contenau<>J. Duchesne-Guilemin |
| 260 ## - PUBLICATION, DISTRIBUTION, ETC. (IMPRINT) | |
| Place of publication, distribution, etc | London,UK: |
| Name of publisher, distributor, etc | Burns & Oates, |
| Date of publication, distribution, etc | 1959 |
| 300 ## - PHYSICAL DESCRIPTION | |
| Extent | 164 p. |
| 546 ## - LANGUAGE NOTE | |
| Language note | EN |
| 700 ## - ADDED ENTRY--PERSONAL NAME | |
| Personal name | Georges Contenau |
| 700 ## - ADDED ENTRY--PERSONAL NAME | |
| Personal name | J. Duchesne-Guilemin |
| 942 ## - ADDED ENTRY ELEMENTS (KOHA) | |
| Koha item type | Books |
| Withdrawn status | Lost status | Damaged status | Not for loan | Home library | Current library | Date acquired | Total Checkouts | Full call number | Barcode | Date last seen | Price effective from | Koha item type |
|---|---|---|---|---|---|---|---|---|---|---|---|---|
| UMT Main Campus | UMT Main Campus | 2014-04-11 | 290 DRI-R | 28165 | 2014-04-24 | 2014-04-24 | Books |
